| 000 | 00737nam a2200265 a 4500 | ||
|---|---|---|---|
| 001 | 000081686 | ||
| 005 | 20200120224616.0 | ||
| 008 | 161124s2013 sp a|||gr|||| 000 ||spa d | ||
| 020 | _a9788467913880 | ||
| 041 | 0 | _a/-spa | |
| 043 | _aae-uk-en | ||
| 090 |
_aJH _bPRIMA |
||
| 100 | 1 | _aPrior, Marcos | |
| 245 | 1 | 0 |
_aPotlatch / _cMarcos Prior ; Danide. |
| 250 | _a1a. ed. | ||
| 260 |
_aBarcelona : _bNorma editorial, _c2013. |
||
| 300 |
_a104 páginas : _bIlustraciones a color. |
||
| 490 | 0 |
_aColección Nómada _v66 |
|
| 650 | 1 | 7 |
_aNovela gráfica _vLEMB |
| 650 | 2 | 7 |
_aTiras cómicas, historietas, etc. _vLEMB |
| 650 | 2 | 7 |
_aLiteratura juvenil _vLEMB |
| 650 | 2 | 7 |
_aAmor en la literatura _vLEMB |
| 650 | 2 | 7 | _vLEMB |
| 700 | 1 | _aDanide | |
| 999 |
_c10097 _d10097 |
||